Statistics for Complete Works by Tchaikovsky

Click here to take the quiz!

General Stats

  • This quiz has been taken 50 times
  • The average score is 27 of 116

Answer Stats

Works% Correct
The Nutcracker
98%
Swan Lake
95%
Violin Concerto
93%
Symphony No. 1 'Winter Daydreams'
90%
Symphony No. 2 'Little Russian'
90%
Symphony No. 3 'Polish'
90%
Symphony No. 4
90%
Symphony No. 5
90%
Symphony No. 6 'Pathétique'
90%
Piano Concerto No. 1
85%
Piano Concerto No. 2
85%
Piano Concerto No. 3
85%
1812 Overture
76%
Romeo and Juliet
73%
The Sleeping Beauty
68%
Eugene Onegin
61%
String Quartet No. 1
59%
String Quartet No. 2
59%
String Quartet No. 3
59%
The Seasons
59%
Piano Trio
51%
Manfred
49%
Marche slave
49%
Grand Sonata
46%
Two Songs, TH 100
34%
Two Songs, TH 96
34%
Serenade for Strings
32%
Souvenir de Florence
32%
Hamlet
29%
The Queen of Spades
29%
Eighteen Pieces, Op. 72
27%
Six Pieces, Op. 19
27%
Six Pieces, Op. 51
27%
The Tempest
27%
Three Pieces, Op. 9
27%
Twelve Pieces, Op. 40
27%
Two Pieces, Op. 10
27%
Variations on a Rococo Theme
27%
Capriccio, Op. 8
24%
Capriccio Italien
22%
Iolanta
22%
Francesca da Rimini
17%
The Voyevoda
17%
The Voyevoda (Symphonic Ballad)
17%
Pezzo capriccioso
15%
Romance, Op. 5
15%
Six Duets, Op. 46
15%
Liturgy of Saint John Chrysostom
12%
Sérénade mélancolique
12%
Valse-Scherzo, Op. 34
12%
Valse-Scherzo, Op. 7
12%
Valse-Scherzo, TH 146
12%
All-Night Vigil
10%
Concert Fantasia
10%
Festival Coronation March
10%
Mazepa
10%
Seven Romances, Op. 47
10%
Six Romances, Op. 16
10%
Six Romances, Op. 25
10%
Six Romances, Op. 28
10%
Six Romances, Op. 38
10%
Six Romances, Op. 57
10%
Six Romances, Op. 6
10%
Six Romances, Op. 63
10%
Six Romances, Op. 73
10%
Suite No. 1
10%
Suite No. 2
10%
Suite No. 3
10%
Suite No. 4 'Mozartiana'
10%
The Enchantress
10%
The Maid of Orleans
10%
Twelve Romances, Op. 60
10%
Dumka
7%
Souvenir d'un lieu cher
7%
Vakula the Smith/Cherevichki
7%
Children's Album
5%
Festival Overture on the Danish National Anthem
5%
Impromptu
5%
Souvenir de Hapsal
5%
The Oprichnik
5%
The Snow Maiden
5%
Valse-Caprice
5%
Dmitry the Pretender and Vasily Shuysky
2%
Evening
2%
Fatum
2%
Impromptu-Caprice
2%
Moscow
2%
Nature and Love
2%
Night
2%
Nine Church Pieces
2%
Six French Songs, Op. 65
2%
Six Romances and Songs, Op. 27
2%
Sixteen Songs for Children
2%
The Barber of Seville
2%
Three Choruses
2%
A Greeting to Anton Rubinstein
0%
Aveu passioné
0%
Blessed is He Who Smiles
0%
Cantata for the Opening of the Polytechnic Exhibition
0%
Chorus for the Jubilee of Osip Petrov
0%
Elegy
0%
Hymn in Honour of Saints Cyril and Methodius
0%
Jurisprudence March
0%
Jurists' Song
0%
Military March
0%
Moment lyrique
0%
Nathalie-Valse
0%
Potpourri on themes from the Voyevoda
0%
Scherzo à la russe
0%
Serenade for Nikolay Rubinstein's Name-Day
0%
Six Pieces on a Single Theme, Op. 21
0%
The Angel Cried Out
0%
The Golden Cloud Did Sleep
0%
The Nightingale
0%
The Russian Volunteer Fleet March
0%
To Forget So Soon
0%

Score Distribution

Percentile by Number Answered

Percent of People with Each Score

Your Score History

You have not taken this quiz